[Event "HUN-chT2 Toth 0203"]
[Site "Hungary"]
[Date "2003.04.13"]
[Round "11"]
[White "Braun, Bela"]
[Black "Biro, Peter"]
[Result "1-0"]
[WhiteElo "2061"]
[BlackElo "2197"]
[PlyCount "43"]
[EventDate "2002.09.22"]
[EventType "team"]
[EventRounds "11"]
[EventCountry "HUN"]
[SourceTitle "EXT 2009"]
[Source "ChessBase"]
[SourceDate "2008.11.26"]
[SourceVersion "1"]
[SourceVersionDate "2008.11.26"]
[SourceQuality "1"]

1. e4 c5 2. Nf3 Nc6 3. d4 cxd4 4. Nxd4 e6 5. a3 Nf6 6. Nc3 a6 7. Be2 Be7 8. 0-0 0-0 9. Kh1 Qc7 10. f4 d6 11. Be3 b5 12. Bf3 Bb7 13. Qe1 e5 14. Nf5 Bc8 15. Qg3 Bxf5 16. exf5 exf4 17. Bxf4 Rfe8 18. Bh6 Bf8 19. Nd5 Nxd5 20. Bxd5 Ne7 21. Bxg7 Nxd5 22. Bf6+ 1-0

[Event "HUN-chT2 Toth 0203"]
[Site "Hungary"]
[Date "2003.04.06"]
[Round "10"]
[White "Deak, Laszlo"]
[Black "Braun, Bela"]
[Result "1-0"]
[WhiteElo "2129"]
[BlackElo "2061"]
[PlyCount "71"]
[EventDate "2002.09.22"]
[EventType "team"]
[EventRounds "11"]
[EventCountry "HUN"]
[SourceTitle "EXT 2009"]
[Source "ChessBase"]
[SourceDate "2008.11.26"]
[SourceVersion "1"]
[SourceVersionDate "2008.11.26"]
[SourceQuality "1"]

1. d4 Nf6 2. c4 c6 3. Nf3 d5 4. Qc2 e6 5. Bg5 Be7 6. e3 0-0 7. Nc3 Nbd7 8. cxd5 exd5 9. Bd3 Re8 10. 0-0 Nf8 11. Rab1 Bg4 12. Ne5 Bh5 13. b4 a6 14. a4 Ng4 15. Bxe7 Qxe7 16. Nxg4 Bxg4 17. b5 axb5 18. axb5 Ra7 19. Ra1 Rea8 20. Rxa7 Rxa7 21. bxc6 bxc6 22. h3 Bd7 23. Rb1 g6 24. Na4 Qg5 25. Kh2 f5 26. Nc5 Be8 27. Rb8 Qe7 28. Qb3 Kf7 29. g3 Kf6 30. h4 h6 31. Rb6 Qc7 32. Qxd5 Qxb6 33. Qe5+ Kf7 34. Bc4+ Ne6 35. Nxe6 Bd7 36. Qg7+ 1-0

[Event "Gyula op"]
[Site "Gyula"]
[Date "1996.??.??"]
[Round "?"]
[White "Pal, Peter"]
[Black "Braun, Bela"]
[Result "1-0"]
[WhiteElo "2285"]
[BlackElo "2040"]
[PlyCount "57"]
[EventDate "1996.??.??"]
[EventType "swiss"]
[EventRounds "9"]
[EventCountry "HUN"]
[SourceTitle "EXT 2001"]
[Source "ChessBase"]
[SourceDate "2000.11.22"]
[SourceVersion "1"]
[SourceVersionDate "2000.11.22"]
[SourceQuality "1"]

1. d4 Nf6 2. c4 g6 3. Nc3 Bg7 4. e4 d6 5. Nf3 0-0 6. Be2 Nbd7 7. 0-0 e5 8. d5 a5 9. Bg5 h6 10. Bh4 Nc5 11. Nd2 Qd7 12. b3 Ne8 13. a3 f5 14. f3 b6 15. b4 axb4 16. axb4 Rxa1 17. Qxa1 Na6 18. Qa3 c5 19. dxc6 Qxc6 20. Nd5 Qb7 21. Ne7+ Kh7 22. Nxc8 Qxc8 23. c5 Nb8 24. cxb6 Qc2 25. Qd3 Qc6 26. Bf2 fxe4 27. fxe4 Nf6 28. b5 Qc8 29. Qxd6 1-0